000 00671nam a2200193 a 4500
003 0
005 20250311155346.0
008 090709s19uu xx 00 eng d
050 _aPHS HQ 755.85
_b.Y55 2009
100 _aYoneyama, Kim E.
245 _aParental encouragement and childhood sport participation /
_cKim E. Yoneyama.
260 _aLas PiƱas City, Philippines :
_bSouthville International School and Colleges,
_c2009.
300 _a40 pages :
_billustrations ;
_c28 cm.
504 _aIncludes bibliographical references.
650 _aParent and child.
650 _aParenting
_xPsychological aspects.
650 _aSports for children.
942 _2lcc
_cPASS
999 _c98283
_d98283